Statistics for Random Mandarin Words

Click here to take the quiz!

General Stats

  • This quiz has been taken 42 times
  • The average score is 20 of 28

Answer Stats

MandarinEnglish% Correct
Person
100%
I
97%
You
97%
He
90%
中国China
86%
Five
86%
Good
86%
Home
83%
And
79%
Dog
76%
Moon/Month
76%
北京Beijing
72%
喜欢Like
72%
妈妈Mother
72%
医生Doctor
69%
再见Goodbye
69%
Love
69%
Year
69%
孩子Child
66%
学校School
66%
Book
62%
红色Red
62%
Vehicle
62%
面包Bread
52%
Sea
52%
城市City
48%
眼睛Eyes
41%
On
34%

Score Distribution

Percentile by Number Answered

Percent of People with Each Score

Your Score History

You have not taken this quiz